000 01701cab a2200325 4500
001 ##L134162
008 060713n2006 000 0 eng u
035 _a(Sirsi) u134162
041 0 _aeng
100 1 _aSheridan, Peter
245 0 0 _aConstruction Act review
260 _c2006
490 0 _aConstruction Law Journal
_v22(4) 2006, 241-256(16)
520 _aConsiders the meaning of the term 'construction operations', contained in the Housing Grants, Construction and Regeneration Act 1996 s105. Sets out the statutory definition, and then discusses how case law has further refined certain parts, including fittings forming part of land, systems installed in buildings, works founded in the sea bed, supply of goods, the meaning of plant, primary activity on site and chain of contracts.
590 _aIKA180706
650 2 4 _aHOUSING GRANTS, CONSTRUCTION AND REGENERATION ACT 1996 S104
650 2 4 _aHOUSING GRANTS, CONSTRUCTION AND REGENERATION ACT 1996 S105
650 2 4 _aGIBSON LEA RETAIL INTERIORS V MAKRO SELF SERVICE WHOLESALERS
650 2 4 _aNOTTINGHAM COMMUNITY HOUSING ASSOCIATION V POWERMINSTER LTD
650 2 4 _aSTAVELEY INDUSTRIES PLC V ODEBRECHT OIL AND GAS SERVICES LTD
650 2 4 _aMILLERS SPECIALIST JOINERY LTD V NOBLES CONSTRUCTION LTD
650 2 4 _aHOMER BURGESS LTD V CHIREX (ANNAN) LTD
650 2 4 _aABB ZANTINGH LTD V ZEDAL BUILDING SERVICES LTD
650 2 4 _aABB POWER CONSTRUCTION LTD V NORWEST HOLST ENGINEERING LTD
650 2 4 _aPALMERS LTD V A B B POWER CONSTRUCTION LTD
650 2 4 _aCOMSITE PROJECTS LTD V ANDRITZ AG
651 4 _aEngland and Wales
_y1543-
690 _aMANAGEMENT-PROJECT MANAGEMENT-CONTRACT ADMINISTRATION
942 _n0
999 _c77393
_d77393